[Event "Saarland-ch MB"]
[Site "Schiffweiler"]
[Date "2009.04.08"]
[Round "6"]
[White "Simons, Joerg"]
[Black "Grewenig, Rolf"]
[Result "1/2-1/2"]
[WhiteElo "2068"]
[BlackElo "2042"]
[PlyCount "55"]
[EventDate "2009.04.03"]
[EventType "swiss"]
[EventRounds "9"]
[EventCountry "GER"]
[SourceTitle "EXT 2012"]
[Source "ChessBase"]
[SourceDate "2011.11.24"]
[SourceVersion "1"]
[SourceVersionDate "2011.11.24"]
[SourceQuality "1"]

1. e4 Nc6 2. Nf3 e5 3. d4 exd4 4. Bc4 d6 5. Nxd4 Ne5 6. Be2 Nf6 7. Nc3 Be7 8. h3 0-0 9. g4 d5 10. f4 Ng6 11. e5 Ne4 12. Nxe4 dxe4 13. g5 Nh4 14. Kf2 Bc5 15. Be3 c6 16. c3 Qe7 17. Qc2 Bxd4 18. cxd4 Rd8 19. Bg4 Nf5 20. Qxe4 Nxe3 21. Kxe3 Qb4 22. Rh2 Be6 23. f5 Bd5 24. Qc2 Rac8 25. a3 Qb6 26. b4 Re8 27. Qc5 Qc7 28. Kf4 1/2-1/2

[Event "Saarland-ch MB"]
[Site "Schiffweiler"]
[Date "2009.04.07"]
[Round "5"]
[White "Dittgen, Thomas"]
[Black "Simons, Joerg"]
[Result "1/2-1/2"]
[WhiteElo "1893"]
[BlackElo "2068"]
[PlyCount "108"]
[EventDate "2009.04.03"]
[EventType "swiss"]
[EventRounds "9"]
[EventCountry "GER"]
[SourceTitle "EXT 2012"]
[Source "ChessBase"]
[SourceDate "2011.11.24"]
[SourceVersion "1"]
[SourceVersionDate "2011.11.24"]
[SourceQuality "1"]

1. e4 e6 2. Nf3 c5 3. d4 cxd4 4. c3 d3 5. Bxd3 Be7 6. 0-0 d6 7. Qe2 Nd7 8. Rd1 Qc7 9. Na3 a6 10. e5 d5 11. Bf4 h6 12. Rac1 b5 13. Nd4 Nc5 14. Bb1 Bd7 15. b4 Na4 16. Rd3 Rc8 17. h4 g6 18. Qg4 h5 19. Qg3 Qd8 20. Bg5 Bxg5 21. hxg5 Ne7 22. Rf3 Nf5 23. Bxf5 gxf5 24. Qf4 Qe7 25. Rg3 h4 26. Rh3 Rh5 27. Rxh4 Qxg5 28. Qxg5 Rxg5 29. Rh8+ Ke7 30. Rxc8 Bxc8 31. f3 f4 32. Nb1 Bd7 33. Ne2 Rxe5 34. Nxf4 Nb6 35. Kf2 Rf5 36. Nd3 e5 37. g4 Rg5 38. Nc5 Bc8 39. Re1 Kd6 40. Nd2 f5 41. Rh1 Rg6 42. gxf5 Bxf5 43. Rh8 Bc8 44. Rh7 Na8 45. Ndb3 Rf6 46. Ke3 Nc7 47. Na5 Rg6 48. a3 Ne6 49. Ncb7+ Bxb7 50. Nxb7+ Kc6 51. Na5+ Kd6 52. Ra7 Nc7 53. Nb7+ Kd7 54. Nc5+ Kc8 1/2-1/2

[Event "Oberliga Sued W 0506"]
[Site "Germany"]
[Date "2006.01.29"]
[Round "6.6"]
[White "Bewersdorff, Oliver"]
[Black "Simons, Joerg"]
[Result "1-0"]
[WhiteElo "2251"]
[BlackElo "1945"]
[PlyCount "61"]
[EventDate "2005.10.23"]
[EventType "team-tourn"]
[EventRounds "9"]
[EventCountry "GER"]
[SourceTitle "EXT 2007"]
[Source "ChessBase"]
[SourceDate "2006.11.23"]
[SourceVersion "1"]
[SourceVersionDate "2006.11.23"]
[SourceQuality "1"]
[WhiteTeam "Schott Mainz"]
[BlackTeam "Saarbruecken II"]
[WhiteTeamCountry "GER"]
[BlackTeamCountry "GER"]

1. d4 d6 2. e4 Nf6 3. Nc3 e5 4. Nf3 exd4 5. Nxd4 Be7 6. Bf4 0-0 7. Qd2 Nbd7 8. 0-0-0 Nc5 9. f3 a6 10. Be3 Bd7 11. g4 b5 12. g5 Ne8 13. h4 f5 14. exf5 Bxf5 15. Nc6 Qd7 16. Nxe7+ Qxe7 17. Bxc5 dxc5 18. Qd5+ Kh8 19. Qxa8 Nd6 20. Qxa6 Qe3+ 21. Kb1 c4 22. a3 Qxf3 23. Be2 Qg2 24. Rhf1 h6 25. Qa7 Ne4 26. Qe3 Nxc3+ 27. bxc3 hxg5 28. hxg5 Qc6 29. Rxf5 Rxf5 30. Rd8+ Kh7 31. Qh3+ 1-0

[Event "Oberliga Sued W 0506"]
[Site "Germany"]
[Date "2005.12.11"]
[Round "4.7"]
[White "Simons, Joerg"]
[Black "Fellhauer, Clemens"]
[Result "1/2-1/2"]
[WhiteElo "1945"]
[BlackElo "2051"]
[PlyCount "81"]
[EventDate "2005.10.23"]
[EventType "team-tourn"]
[EventRounds "9"]
[EventCountry "GER"]
[SourceTitle "EXT 2007"]
[Source "ChessBase"]
[SourceDate "2006.11.23"]
[SourceVersion "1"]
[SourceVersionDate "2006.11.23"]
[SourceQuality "1"]
[WhiteTeam "Saarbruecken II"]
[BlackTeam "Mutterstadt"]
[WhiteTeamCountry "GER"]
[BlackTeamCountry "GER"]

1. e4 c5 2. Nf3 d6 3. c3 Nf6 4. Be2 Nc6 5. d3 e5 6. Nbd2 Be7 7. 0-0 0-0 8. Nc4 Re8 9. Ne3 d5 10. exd5 Nxd5 11. Nxd5 Qxd5 12. Ne1 Be6 13. f4 exf4 14. Bxf4 Rad8 15. Bf3 Qd7 16. Qa4 Ne5 17. Qxd7 Nxf3+ 18. Nxf3 Rxd7 19. d4 cxd4 20. Nxd4 Bc5 21. Rfd1 Bg4 22. Re1 Rde7 23. Rxe7 Rxe7 24. Bg3 Re2 25. Re1 Rxe1+ 26. Bxe1 Bxd4+ 27. cxd4 Be6 28. a3 Kf8 29. Kf2 Ke7 30. Bb4+ Kd7 31. Bf8 g6 32. Ke3 Kc6 33. Bg7 Kd5 34. h4 h5 35. Bf6 b5 36. g3 Bd7 37. Be5 Kc4 38. Kd2 Bc6 39. Bf6 a6 40. Bg7 Bg2 41. Bf6 1/2-1/2

[Event "Oberliga Sued W 0506"]
[Site "Germany"]
[Date "2005.11.27"]
[Round "3.5"]
[White "Hauck, Bjoern"]
[Black "Simons, Joerg"]
[Result "1/2-1/2"]
[WhiteElo "1903"]
[BlackElo "1945"]
[PlyCount "69"]
[EventDate "2005.10.23"]
[EventType "team-tourn"]
[EventRounds "9"]
[EventCountry "GER"]
[SourceTitle "EXT 2007"]
[Source "ChessBase"]
[SourceDate "2006.11.23"]
[SourceVersion "1"]
[SourceVersionDate "2006.11.23"]
[SourceQuality "1"]
[WhiteTeam "Bad Bergzabern"]
[BlackTeam "Saarbruecken II"]
[WhiteTeamCountry "GER"]
[BlackTeamCountry "GER"]

1. Nf3 d5 2. g3 Nf6 3. Bg2 e6 4. 0-0 Be7 5. c4 c6 6. d4 0-0 7. Nc3 dxc4 8. Ne5 Nbd7 9. Nxc4 c5 10. dxc5 Bxc5 11. Bf4 Qe7 12. Bd6 Bxd6 13. Qxd6 Qxd6 14. Nxd6 Rb8 15. Ncb5 a6 16. Na7 Nb6 17. Naxc8 Nxc8 18. Nxb7 Nd5 19. Nc5 Rxb2 20. Nxa6 Rxe2 21. a4 Nce7 22. Rfc1 g6 23. Nc7 Rc8 24. Bf1 Rd2 25. Nxd5 exd5 26. Rxc8+ Nxc8 27. Rc1 Nd6 28. a5 Ra2 29. Rc6 Ne4 30. a6 Nd2 31. Bb5 Nf3+ 32. Kg2 Ne5 33. Rc7 Kg7 34. a7 d4 35. Rc5 1/2-1/2

[Event "Saarland-ch MB1"]
[Site "Saarlouis Steinrausch"]
[Date "2005.03.26"]
[Round "9"]
[White "Simons, Joerg"]
[Black "Sonnhalter, Walter"]
[Result "1/2-1/2"]
[WhiteElo "1890"]
[BlackElo "1984"]
[PlyCount "33"]
[EventDate "2005.03.18"]
[EventType "tourn"]
[EventRounds "9"]
[EventCountry "GER"]
[SourceTitle "EXT 2012"]
[Source "ChessBase"]
[SourceDate "2011.11.24"]
[SourceVersion "1"]
[SourceVersionDate "2011.11.24"]
[SourceQuality "1"]

1. e4 c5 2. Nf3 Nc6 3. Bb5 g6 4. 0-0 Bg7 5. c3 Nf6 6. e5 Nd5 7. d4 cxd4 8. cxd4 Nc7 9. Ba4 0-0 10. Nc3 d6 11. Bxc6 bxc6 12. h3 Nd5 13. Nxd5 cxd5 14. exd6 Qxd6 15. Be3 Rb8 16. Qd2 Bf5 17. Bf4 1/2-1/2

[Event "Saarland-ch MB1"]
[Site "Saarlouis Steinrausch"]
[Date "2005.03.24"]
[Round "7"]
[White "Simons, Joerg"]
[Black "Cara, Bogdan"]
[Result "1-0"]
[WhiteElo "1890"]
[BlackElo "1830"]
[PlyCount "107"]
[EventDate "2005.03.18"]
[EventType "tourn"]
[EventRounds "9"]
[EventCountry "GER"]
[SourceTitle "EXT 2012"]
[Source "ChessBase"]
[SourceDate "2011.11.24"]
[SourceVersion "1"]
[SourceVersionDate "2011.11.24"]
[SourceQuality "1"]

1. e4 e6 2. d4 d5 3. Nc3 Nf6 4. e5 Nfd7 5. Nce2 c5 6. f4 Nc6 7. Nf3 Qb6 8. c3 cxd4 9. Nexd4 Bc5 10. b4 Nxd4 11. Nxd4 Be7 12. Be3 Qd8 13. Qg4 g6 14. Bd3 Nb6 15. h4 h5 16. Qg3 Na4 17. Bb5+ Bd7 18. Nxe6 fxe6 19. Qxg6+ Kf8 20. Bxa4 Bxa4 21. f5 Bxh4+ 22. g3 Qc7 23. Bc5+ Be7 24. Qf6+ Kg8 25. Qxe6+ Kf8 26. Qf6+ Kg8 27. Qxe7 Qxe7 28. Bxe7 Re8 29. Bf6 Rh6 30. Kd2 Bb5 31. Rh4 Rxf6 32. exf6 Re2+ 33. Kc1 Kf7 34. Rxh5 Kxf6 35. g4 Bc4 36. Rh6+ Kg5 37. Rg6+ Kf4 38. Re6 Rf2 39. Re7 Kxg4 40. Rxb7 a6 41. a4 Rxf5 42. Kd2 Rf2+ 43. Ke3 Re2+ 44. Kd4 Rd2+ 45. Kc5 Rc2 46. Rg1+ Kf4 47. Rf7+ Ke3 48. Re1+ Kd2 49. Rf2+ Kxc3 50. Rxc2+ Kxc2 51. b5 axb5 52. axb5 Kb3 53. b6 Ba6 54. Ra1 1-0

[Event "Saarland-ch MB1"]
[Site "Saarlouis Steinrausch"]
[Date "2005.03.23"]
[Round "6"]
[White "Siebert, Viktor"]
[Black "Simons, Joerg"]
[Result "1/2-1/2"]
[WhiteElo "1934"]
[BlackElo "1890"]
[PlyCount "122"]
[EventDate "2005.03.18"]
[EventType "tourn"]
[EventRounds "9"]
[EventCountry "GER"]
[SourceTitle "EXT 2012"]
[Source "ChessBase"]
[SourceDate "2011.11.24"]
[SourceVersion "1"]
[SourceVersionDate "2011.11.24"]
[SourceQuality "1"]

1. e4 d5 2. exd5 Nf6 3. d4 Bg4 4. Be2 Bxe2 5. Qxe2 Qxd5 6. Nf3 e6 7. 0-0 Bd6 8. Nc3 Qh5 9. Qb5+ Qxb5 10. Nxb5 Nbd7 11. c4 a6 12. Nxd6+ cxd6 13. Bf4 Ke7 14. Rfe1 Rac8 15. Rac1 h6 16. Bd2 Rhd8 17. Bb4 Ne8 18. Nd2 f5 19. Nb3 b6 20. a4 a5 21. Ba3 Kf7 22. f4 Ndf6 23. Nd2 g5 24. fxg5 hxg5 25. b4 g4 26. bxa5 bxa5 27. Rb1 e5 28. Rb5 exd4 29. Rxf5 Ng7 30. Rxa5 Ra8 31. Rxa8 Rxa8 32. Bxd6 Rxa4 33. Be5 Nf5 34. c5 Ra2 35. Nc4 Rc2 36. Nd6+ Kg6 37. Nxf5 Kxf5 38. Bxd4 Ne4 39. Rf1+ Kg5 40. Be3+ Kg6 41. Rf4 Nf6 42. Kf1 Nd5 43. Rxg4+ Kf5 44. Rg3 Ke4 45. Bg5 Rxc5 46. h3 Rb5 47. Kg1 Rb1+ 48. Kh2 Rf1 49. Bh6 Nc7 50. h4 Ne6 51. Re3+ Kd5 52. Rf3 Rb1 53. g4 Rb2+ 54. Kh3 Rb1 55. h5 Nd4 56. Rd3 Ke4 57. Re3+ Kd5 58. Rd3 Ke4 59. Rxd4+ Kxd4 60. Kh4 Ke4 61. Kg5 Kf3 1/2-1/2

[Event "Oberliga Sued W 0405"]
[Site "Germany"]
[Date "2004.11.14"]
[Round "2.7"]
[White "Simons, Joerg"]
[Black "Scheiblauer, Heinrich"]
[Result "1/2-1/2"]
[WhiteElo "1890"]
[BlackElo "2110"]
[PlyCount "53"]
[EventDate "2004.10.03"]
[EventType "team-tourn"]
[EventRounds "9"]
[EventCountry "GER"]
[SourceTitle "EXT 2009"]
[Source "ChessBase"]
[SourceDate "2008.11.26"]
[SourceVersion "1"]
[SourceVersionDate "2008.11.26"]
[SourceQuality "1"]
[WhiteTeam "Schwarzenbach"]
[BlackTeam "Mutterstadt"]
[WhiteTeamCountry "GER"]
[BlackTeamCountry "GER"]

1. e4 c5 2. Nf3 e6 3. d4 cxd4 4. Nxd4 Nf6 5. Bd3 Nc6 6. Be3 d5 7. exd5 Nxd5 8. Nxc6 bxc6 9. Bd2 Bc5 10. 0-0 0-0 11. Nc3 f5 12. Qe2 Re8 13. Nxd5 cxd5 14. Bf4 e5 15. Bd2 Qf6 16. Bb5 Re7 17. b4 Bd6 18. Qh5 Qg6 19. Qxg6 hxg6 20. c4 Be6 21. Bc6 Rb8 22. cxd5 Bc8 23. Bg5 Rf7 24. b5 f4 25. a4 Bf5 26. Rfc1 Bd3 27. Ra2 1/2-1/2

[Event "Basel Hilton op 03rd"]
[Site "Basel"]
[Date "2001.01.02"]
[Round "2"]
[White "Simons, Joerg"]
[Black "Gurieli, Nino"]
[Result "0-1"]
[WhiteElo "2118"]
[BlackElo "2366"]
[PlyCount "98"]
[EventDate "2001.01.01"]
[EventType "swiss"]
[EventRounds "7"]
[EventCountry "SUI"]
[SourceTitle "CBM 080 Extra"]
[Source "ChessBase"]
[SourceDate "2001.03.08"]
[SourceVersion "1"]
[SourceVersionDate "2001.03.08"]
[SourceQuality "1"]

1. e4 d6 2. d4 Nf6 3. Nc3 g6 4. Be3 c6 5. h3 Bg7 6. f4 0-0 7. Nf3 Qb6 8. Qd2 Qxb2 9. Rb1 Qa3 10. Bd3 b5 11. 0-0 b4 12. Ne2 Na6 13. f5 c5 14. Bh6 cxd4 15. Bxg7 Kxg7 16. e5 dxe5 17. Nxe5 Qa5 18. Ng4 Nxg4 19. hxg4 Bb7 20. Nf4 Nc7 21. Qxb4 Qxb4 22. Rxb4 Bd5 23. Nxd5 Nxd5 24. Rxd4 Rad8 25. Ra4 Rd7 26. Re1 Rb8 27. Bc4 Nb6 28. Rb4 Rd4 29. Reb1 Rxg4 30. fxg6 hxg6 31. Ba6 Rg5 32. Bc4 Rc8 33. Bb3 Rc3 34. Rf1 e6 35. Rbf4 Rf5 36. Rxf5 gxf5 37. Rd1 Kf6 38. Kf2 f4 39. Rd4 Ke5 40. Rd8 f5 41. Re8 Nd5 42. Ra8 Rc7 43. Kf3 Nb4 44. Re8 Rc6 45. c4 Nd3 46. Re7 a6 47. g3 fxg3 48. Kxg3 Nc5 49. Kh4 Kf4 0-1

[Event "Bern Ambassador op"]
[Site "Bern"]
[Date "2000.12.27"]
[Round "3"]
[White "Kiss, Pal"]
[Black "Simons, Joerg"]
[Result "1-0"]
[WhiteElo "2400"]
[BlackElo "2118"]
[PlyCount "85"]
[EventDate "2000.12.26"]
[EventType "swiss"]
[EventRounds "7"]
[EventCountry "SUI"]
[SourceTitle "EXT 2002"]
[Source "ChessBase"]
[SourceDate "2001.11.25"]
[SourceVersion "1"]
[SourceVersionDate "2001.11.25"]
[SourceQuality "1"]

1. d4 Nf6 2. c4 g6 3. Nc3 Bg7 4. e4 d6 5. Be2 0-0 6. Nf3 Na6 7. 0-0 c6 8. Re1 e5 9. Bf1 Bg4 10. Be3 Re8 11. h3 Bxf3 12. Qxf3 Nc7 13. d5 c5 14. a3 a5 15. Bd3 h6 16. Bc2 Kh7 17. Rab1 Na6 18. Nb5 Rf8 19. Qd1 Ne8 20. Qd2 Nac7 21. Nc3 Na6 22. f4 exf4 23. Bxf4 Qh4 24. Nb5 Be5 25. Bxe5 dxe5 26. Qxa5 Nb4 27. Qxa8 Nxc2 28. Re2 Kg7 29. Rxc2 Qxe4 30. Qa4 Qe3+ 31. Kh1 Nf6 32. Rc3 Qg5 33. Qc2 e4 34. Re1 Ng4 35. Rxe4 f5 36. Re1 Qh4 37. Rce3 h5 38. Re7+ Kh6 39. Kg1 f4 40. hxg4 hxg4 41. R1e6 Rf6 42. Rxf6 Qxf6 43. Re6 1-0

[Event "Oberliga Sued W 9798"]
[Site "Germany"]
[Date "1998.??.??"]
[Round "?"]
[White "Haas, Frank Martin"]
[Black "Simons, Joerg"]
[Result "1/2-1/2"]
[WhiteElo "2200"]
[BlackElo "2135"]
[PlyCount "47"]
[EventDate "1997.10.??"]
[EventType "team"]
[EventRounds "9"]
[EventCountry "GER"]
[SourceTitle "EXT 2000"]
[Source "ChessBase"]
[SourceDate "1999.11.16"]
[SourceVersion "1"]
[SourceVersionDate "1999.11.16"]
[SourceQuality "1"]

1. e4 c5 2. c3 g6 3. d4 cxd4 4. cxd4 Bg7 5. Nc3 d6 6. Be3 Nf6 7. Be2 Nc6 8. h3 Qa5 9. Qd2 0-0 10. Nf3 a6 11. d5 Nd8 12. 0-0 e5 13. dxe6 Nxe6 14. Qxd6 Rd8 15. Qb6 Qxb6 16. Bxb6 Re8 17. Be3 b5 18. Nd2 Nd7 19. Rac1 Bb7 20. Rfd1 Ndc5 21. Nd5 Na4 22. Nc7 Nxc7 23. Rxc7 Bc8 24. Bf3 1/2-1/2

[Event "Oberliga Sued W 9798"]
[Site "Germany"]
[Date "1998.??.??"]
[Round "?"]
[White "Simons, Joerg"]
[Black "Esswein, Karlheinz"]
[Result "1/2-1/2"]
[WhiteElo "2135"]
[BlackElo "2160"]
[PlyCount "80"]
[EventDate "1997.10.??"]
[EventType "team"]
[EventRounds "9"]
[EventCountry "GER"]
[SourceTitle "EXT 2000"]
[Source "ChessBase"]
[SourceDate "1999.11.16"]
[SourceVersion "1"]
[SourceVersionDate "1999.11.16"]
[SourceQuality "1"]

1. c4 e5 2. Nc3 Nc6 3. Nf3 g6 4. d4 exd4 5. Nxd4 Bg7 6. Nxc6 bxc6 7. g3 Nf6 8. Bg2 0-0 9. 0-0 Re8 10. Be3 a5 11. Rc1 Bb7 12. Qc2 Qe7 13. Bf3 Rab8 14. Bf4 d6 15. Rfe1 c5 16. e4 Bc6 17. Bd2 Nd7 18. b3 Ne5 19. Be2 Bd7 20. Nd5 Qd8 21. Bxa5 Rb7 22. Bc3 Nc6 23. Bxg7 Kxg7 24. Qc3+ Nd4 25. Bf1 c6 26. Nf4 Qf6 27. Bg2 Bg4 28. f3 Bd7 29. Ne2 Ra8 30. Nxd4 cxd4 31. Qd2 c5 32. f4 Bc6 33. e5 dxe5 34. Bxc6 Qxc6 35. Rxe5 Rba7 36. Rc2 f6 37. Re2 Qf3 38. Rf2 Qe4 39. Re2 Qf3 40. Rf2 Qe4 1/2-1/2

[Event "Oberliga Sued W 9798"]
[Site "Germany"]
[Date "1998.??.??"]
[Round "?"]
[White "Simons, Joerg"]
[Black "Pernutz, Hans Gerhard"]
[Result "1/2-1/2"]
[WhiteElo "2135"]
[BlackElo "2235"]
[PlyCount "39"]
[EventDate "1997.10.??"]
[EventType "team"]
[EventRounds "9"]
[EventCountry "GER"]
[SourceTitle "EXT 2000"]
[Source "ChessBase"]
[SourceDate "1999.11.16"]
[SourceVersion "1"]
[SourceVersionDate "1999.11.16"]
[SourceQuality "1"]

1. c4 c5 2. Nc3 Nc6 3. Nf3 g6 4. e3 Bg7 5. d4 d6 6. Be2 Nf6 7. 0-0 0-0 8. d5 Nb8 9. e4 b5 10. cxb5 a6 11. a4 axb5 12. Bxb5 Ba6 13. Bxa6 Nxa6 14. Nd2 Nb4 15. Nc4 Nd7 16. Ra3 Ne5 17. Nxe5 Bxe5 18. Bh6 Bg7 19. Bxg7 Kxg7 20. Qe2 1/2-1/2

[Event "Oberliga Sued W 9798"]
[Site "Germany"]
[Date "1998.??.??"]
[Round "?"]
[White "Simons, Joerg"]
[Black "Schiff, Armin"]
[Result "1/2-1/2"]
[WhiteElo "2135"]
[BlackElo "2170"]
[PlyCount "27"]
[EventDate "1997.10.??"]
[EventType "team"]
[EventRounds "9"]
[EventCountry "GER"]
[SourceTitle "EXT 2000"]
[Source "ChessBase"]
[SourceDate "1999.11.16"]
[SourceVersion "1"]
[SourceVersionDate "1999.11.16"]
[SourceQuality "1"]

1. c4 c6 2. e4 d6 3. d4 g6 4. Nc3 Bg7 5. Be3 Nf6 6. f3 0-0 7. Qd2 a6 8. b4 Ne8 9. g4 b5 10. h4 a5 11. cxb5 axb4 12. Nd1 cxb5 13. Bxb5 Qa5 14. Bc4 1/2-1/2